|
|
|
|
| LEADER |
00602nam a2200157Ia 4500 |
| 001 |
81956 |
| 008 |
170722s9999 xx 000 0 und d |
| 100 |
|
|
|a Lindgren, Henry Clay
|
| 245 |
|
|
|a Introduction to social psychology. /
|
| 250 |
|
|
|a 2nd ed.
|
| 260 |
|
|
|c 1969,1973.
|
| 490 |
|
|
|a Series in Psychology
|
| 942 |
|
|
|c GEN
|
| 999 |
|
|
|c 77247
|d 77247
|
| 952 |
|
|
|0 0
|1 0
|4 0
|6 S_8_000000000000000_K94L32
|7 0
|9 108955
|a LIB
|b LIB
|d 2017-08-12
|o S8 K94,L32
|p 130768
|r 2017-08-12
|w 2017-08-12
|y GEN
|
| 952 |
|
|
|0 0
|1 0
|4 0
|6 S_8_000000000000000_K94L32
|7 0
|8 LC1
|9 108956
|a LIB
|b LIB
|d 2017-08-12
|h LC1
|o S8 K94,L32
|p 183507
|r 2017-08-12
|w 2017-08-12
|y GEN
|